Statistics for Slavic Geography by Letter - C

Click here to take the quiz!

General Stats

  • This quiz has been taken 279 times
  • The average score is 6 of 11

Answer Stats

HintAnswer% Correct
Its capital is ZagrebCroatia
98%
Full name of CzechiaCzech Republic
98%
Peninsula between Black and Sea of AzovCrimea
81%
Mountain range of Mt. ElbrusCaucasus
76%
Largest world lakeCaspian Sea
73%
Mountain range of Serbia, Ukraine, Slovakia etc.Carpathian
64%
Vltava River bridge from year 1402Charles Bridge
37%
Most famous football team from BelgradeCrvena Zvezda
23%
Longest Adriatic islandCres
21%
Peninsula between Pacific and Arctic OceanChukotka
16%
Sea between Asia and North AmericaChukchi Sea
14%

Score Distribution

Percentile by Number Answered

Percent of People with Each Score

Your Score History

You have not taken this quiz